[Event "Qatar Masters op"]
[Site "Doha"]
[Date "2015.12.22"]
[Round "3"]
[White "Carlsen, Magnus"]
[Black "Yuffa, Daniil"]
[Result "1-0"]
[WhiteElo "2834"]
[BlackElo "2504"]
[Annotator "Sagar Shah/CB Website"]
[PlyCount "53"]
[EventDate "2015.12.20"]
[EventType "swiss"]
[EventRounds "9"]
[EventCountry "QAT"]
[SourceTitle "CBM 170"]
[Source "ChessBase"]
[SourceDate "2016.01.15"]
[SourceVersion "1"]
[SourceVersionDate "2016.01.15"]
[SourceQuality "1"]

1. c4 Nf6 2. Nf3 g6 3. g3 Bg7 4. Bg2 O-O 5. O-O d6 6. Nc3 Nc6 7. d4 Bf5 8. Bg5
Ne4 9. Nxe4 Bxe4 10. d5 Bxf3 11. exf3 Nd4 12. Re1 Re8 {Let's skip the opening
and come to the important part of the game. Until this point both sides had
played quite quickly. But here Magnus sunk into deep thought. And how deep was
it? 40 minutes in all! So what exactly was going through his mind? It is clear
that White has the bishop pair. But the knight on d4 is strongly placed. It is
important not to let Black establish the knight on d4 with the move ...c5.
Black wants to play ...c5 and reply to dxc6 with bxc6, when he can strengthen
his knight with c5. Here Magnus came up with a deep idea to put his rook on e4
followed by pushing his h-pawn down the board. Quite original. For normal
players like me the move Bd2 followed by Bc3 looks natural, but of course it
is nowhere close to as ambitious as what Magnus goes for.} 13. Re4 $5 {The
funny thing is that this move has already been played twice by the great
player Aleksander Wojtkiewicz.} (13. Bd2 c5 14. dxc6 bxc6 15. Bc3 c5 $11 {
is some sort of a dream scenario for Black.}) (13. Be3 Nf5 14. Bc1 c6 $11)
13... c5 14. dxc6 Nxc6 15. h4 $5 {Not really caring about the b2-pawn.} Qb6 (
15... Bxb2 16. Rb1 Bg7 17. Rxb7 {when Black is not worse, but neither is White.
}) 16. Rb1 a5 17. Be3 Qc7 18. h5 e5 19. Qd2 Nd4 20. h6 $1 {A superb move by
Magnus, who doesn't fear his rook getting trapped in the centre of the board.}
f5 (20... Bh8 21. Bxd4 exd4 22. Rxd4 Bxd4 23. Qxd4 f6 24. Qxf6 Qe7 25. Qd4 $16
{is excellent compensation.}) 21. Rxd4 $1 exd4 22. Bxd4 Bf8 (22... Bxd4 23.
Qxd4 f4 $1 {at least temporarily closing in the g2-bishop.} 24. Qxf4 Qc5 25.
Qd2 $16 {[%cal Gf3f4]}) 23. Bc3 {[%cal Gd2d4,Gd4h8]} Qxc4 24. f4 {[%cal Gg2d5]}
Re4 25. b3 $1 Qc5 26. Ba1 $1 {The queen is coming to b2 and there would be no
way to avert the mate.} d5 27. Rc1 $1 {Daniil Yuffa found it futile to
continue the resistance. The main point is that after the queen moves, Bxe4
follows and then Qc3 mates the black king on the long diagonal. A beautiful
game by Carlsen. Particularly impressive was his idea of Re4 followed by h4,
which he found over the board.} (27. Rc1 Qd6 28. Bxe4 fxe4 29. Qd4 Kf7 30. Qh8
$18) 1-0

[Event "Sinquefield Cup 1st"]
[Site "Saint Louis"]
[Date "2013.09.11"]
[Round "3"]
[White "Carlsen, Magnus"]
[Black "Nakamura, Hikaru"]
[Result "1/2-1/2"]
[WhiteElo "2862"]
[BlackElo "2772"]
[Annotator "Ramirez Alvarez,A"]
[PlyCount "82"]
[EventDate "2013.09.09"]
[EventType "tourn"]
[EventRounds "6"]
[EventCountry "USA"]
[EventCategory "22"]
[SourceTitle "CBM 157"]
[Source "ChessBase"]
[SourceDate "2013.11.12"]
[SourceVersion "1"]
[SourceVersionDate "2013.11.12"]
[SourceQuality "1"]

1. d4 Nf6 2. c4 g6 3. Nf3 Bg7 4. g3 O-O 5. Bg2 d6 {Nakamura comes to the game
in fighting spirits. This slugfest was expected, and the American's
step-father, FM Sunil Weeramantry, had predicted that this would be a game
full of fighting chess.} 6. Nc3 Nc6 7. O-O Rb8 8. Bf4 {In a very common
position Carlsen decides to play in a slightly unusual way. h3 and b3 are by
more common ideas, but this move coupled with Rc1 has been seen more and more
in the recent past. The Bf4, like in the game that Carlsen played yesterday
with Black, has the problem that it might be bothered by the e5 break.} a6 9.
Rc1 h6 $5 {This move allows Black to sometimes play g5 if the time is right.}
10. b3 (10. Qd3 Ng4 $5 11. Bd2 e5 {was the game between Vachier-Lagrave and
Ding Liren from 2012 which ended in a draw.}) (10. h3 {is also interesting, to
avoid g4 after g5.}) 10... g5 $1 {Of course, Nakamura wouldn't back down from
such an opportunity. White is forced to go for the line that was played in the
game} 11. d5 (11. Bd2 g4 12. Nh4 Nxd4 {does not give White enough compensation
for the pawn.}) 11... gxf4 12. dxc6 fxg3 13. hxg3 {Black cannot win a pawn
here after...} b5 (13... bxc6 $6 14. Nd4 Bd7 (14... c5 $2 15. Nc6 {and Black
loses}) 15. Nxc6 Bxc6 16. Bxc6 {is certainly more pleasant for White.}) 14.
cxb5 axb5 15. b4 {White fixes the weakness on b5, but at the same time his
pawn on b4 is somewhat lose. He has to worry about Black's pair of bishops and
the potential pawns on the center rolling down. On the other hand he has
pressure on b5 and a majority on the queenside that might be problematic for
Black.} d5 16. Qd3 Qd6 17. Nd4 Qxb4 18. a4 {Both players are happy with this
exchange. b4 is lost, and the bishops gain a little more scope in the open
game, but for the other hand White will obtain a passed pawn on the a-file.}
Ne4 $5 {Nakamura spent 17 minutes in this move, a difficult position not only
because of the many variations, but because none of them are necessarily
clearly evaluated.} (18... bxa4 19. Rb1 Ba6 $1 20. Rxb4 Bxd3 21. Rxb8 Rxb8 22.
exd3 {leaves Black down a piece, and although he has a powerful passed pawn on
the a-file and a strong bishop supporting it from g7, it seems unlikely that
there is quite enough.}) 19. Ndxb5 $5 (19. Nxd5 Nxf2 $1 (19... Qxd4 20. Qxd4 $1
Bxd4 21. Bxe4 {gives chances to retain the advantage with pressure on e7 and c7
}) 20. Rxf2 Qxd4 21. Qxd4 Bxd4 {is nearly equal.}) 19... Nxc3 20. Nxc3 Bxc3 21.
Rxc3 (21. Qxc3 Qxc3 22. Rxc3 e6 {gives Black some chances to win as White's
a-pawn is weaker than it is dangerous.}) 21... Bf5 22. Qxd5 Qxc3 23. Qxf5 {
A strange position. Neither side will be able to make much progress as Black
has more material but his king is permanently weak and the white bishop will
hold down the position comfortably.} Rfd8 24. Bf3 Ra8 25. Qe4 Qf6 26. Qb4 Ra7
27. Kg2 Rda8 28. Qg4+ Kf8 29. Qd7 e6 30. Rd1 Qe5 31. Rh1 Kg7 32. Rb1 Rxa4 33.
Rb7 {Black has managed to round up the a pawn but now has to deal with the
weakness on c7. He in reality has made no progress.} R4a7 34. Qe7 Rxb7 {
The only way to continue, but allowing a pawn that is protected on b7 is sad.}
35. cxb7 {White on the other hand can also make no progress as b8 will be
permanently defended.} Rb8 36. Qd7 c5 37. Qc6 Kf6 38. Kh2 Ke7 39. Kg2 f5 40.
Qc8 Qd6 41. e3 Kf6 1/2-1/2

[Event "Grand Slam Final 7th"]
[Site "Bilbao"]
[Date "2014.09.15"]
[Round "2"]
[White "Aronian, Levon"]
[Black "Ponomariov, Ruslan"]
[Result "1-0"]
[WhiteElo "2804"]
[BlackElo "2717"]
[Annotator "CB"]
[PlyCount "101"]
[EventDate "2014.09.14"]
[EventType "tourn"]
[EventRounds "6"]
[EventCountry "ESP"]
[EventCategory "21"]
[SourceTitle "CBM 163"]
[Source "ChessBase"]
[SourceDate "2014.11.11"]
[SourceVersion "1"]
[SourceVersionDate "2014.11.11"]
[SourceQuality "1"]

1. d4 d6 2. Nf3 Nf6 3. c4 g6 4. Nc3 Bg7 5. g3 O-O 6. Bg2 c6 {Two blacks in a
row, two King's Indian Defenses. Ponomariov is no stranger to a fight!} 7. O-O
Bf5 8. Bg5 {Very rare. 8.b3, 8.Nh5, 8.Ne1 and 8.Re1 are more common. Actually
besides Bg5 there are many other moves that are semi-popular.} h6 (8... Ne4 {
looked like a logical continuation. Ponomariov probably wanted to avoid some
king of preparation.}) 9. Be3 Na6 10. Qc1 Kh7 11. h3 Rb8 12. g4 Bd7 13. Qd2 Nc7
14. a4 b5 15. axb5 cxb5 16. b3 {White can be very pleased with the opening. He
has more space, pressure on the a7 pawn and the h6 pawn.} bxc4 17. bxc4 Rb4 18.
Qd3 a6 19. d5 (19. Bd2 $1 $16) 19... e6 20. Nd4 exd5 21. cxd5 Re8 22. Rfb1
Rxb1+ 23. Rxb1 Nb5 24. Nc6 (24. Ndxb5 axb5 25. Nxb5 {looks like an extra pawn.
Aronian was probably trying to be more ambitious.}) 24... Bxc6 25. dxc6 Nxc3
26. Qxc3 Nd5 27. Qc4 Nxe3 28. fxe3 {Despite (or perhaps, because) the opposite
colored bishops Black has some real problems. It is not easy for him to
coordinate the g7 bishop in such a way that it defends against the advance of
the c-pawn or for it to really threaten White's king. Meanwhile White just has
to cover some problems around his king while marching the pawn up the board.}
d5 $5 {Creating space.} 29. Qxd5 $6 (29. Bxd5 $1 {was a better capture.}) 29...
Qe7 30. Kh1 Rd8 31. Qc4 Be5 $1 {Black has managed to stop the c-pawn and
prepares Bc7-Qe5.} 32. Rf1 Kg7 33. Bd5 f6 34. Rb1 Rb8 35. Rb7 Rxb7 36. cxb7 Qd6
37. Be4 $2 {Time pressure.} (37. Qe4 $16) 37... a5 $2 (37... Qd1+ $1 {In time
pressure Ponomariov underestimates his chances with a queen and a bishop.} 38.
Kg2 Qe1 $11 {It's not possible to escape the perpetual, nor is it feasable to
create any danger against the opponent in only one move.}) 38. Qb5 Qd8 39. Kg2
Bb8 40. Qc6 Qe7 41. Kf1 Bc7 42. Bd3 Qd6 $2 {The final mistake.} (42... Bh2 {
still forces White to find a plan.}) 43. Qe8 {Ponomariov must have missed this
lethal threat. Now g6 is impossible to defend.} f5 44. Bc4 $1 (44. gxf5 {
also does the trick.}) 44... Kf6 45. Qf7+ (45. h4 $1) 45... Kg5 46. gxf5 gxf5
47. Qg7+ Kh4 48. Be6 $1 {A nice touch. h6 is under attack and the bishop is
taboo.} Bd8 (48... Qxe6 49. Qxc7 $18) 49. Qxh6+ Kg3 50. Qg7+ Kh4 51. Kg2 {
A nice effort from Aronian, taking full advantage of his opponent's time
trouble mistakes.} 1-0

[Event "EU-ch 12th"]
[Site "Aix les Bains"]
[Date "2011.03.28"]
[Round "7"]
[White "Nikolic, Predrag"]
[Black "Sutovsky, Emil"]
[Result "0-1"]
[WhiteElo "2596"]
[BlackElo "2692"]
[PlyCount "66"]
[EventDate "2011.03.22"]
[EventType "swiss"]
[EventRounds "11"]
[EventCountry "FRA"]
[SourceTitle "CBM 142 Extra"]
[Source "ChessBase"]
[SourceDate "2011.06.27"]
[SourceVersion "1"]
[SourceVersionDate "2011.06.27"]
[SourceQuality "1"]
[TimeControl "40/5400+30:1800+30"]

1. d4 Nf6 2. Nf3 g6 3. c4 Bg7 4. g3 O-O 5. Bg2 d6 (5... d5) 6. O-O Nc6 7. Nc3
Bf5 (7... a6 8. e4 Rb8 9. h3 b5 10. cxb5 axb5 11. Re1 b4 12. Nd5 Nd7 13. Bg5 h6
14. Rc1 hxg5 15. Rxc6 Bb7 (15... b3 $142 16. axb3 Bb7 17. Rc2 c6 18. Nc3 c5 19.
dxc5 Nxc5 20. b4 $36 {Avrukh vol 2 GM}) 16. Nxb4 {Leitao,R (2623)-Pulvett,D 
(2383) San Cristobal Bolivar op 1st 2012 (2) 1/2}) 8. d5 (8. b3 Ne4 9. Bb2 Nxc3
10. Bxc3 Be4) 8... Na5 9. Nd4 Bd7 10. Qd3 (10. b3 c6 11. dxc6 bxc6) 10... c5
11. Nc2 a6 12. b3 b5 13. Rb1 Rb8 14. Bd2 e6 15. dxe6 Bxe6 16. Ne3 Qd7 17. Ned5
$146 (17. Nxb5 {[%cal Gd2a5]} Nxb3 18. axb3 axb5 $11) (17. Ne4 {Burmakin,V 
(2586)-Timagin,P (2297) Chigorin Memorial 09th 2001 (2) 1-0}) (17. Ncd5 Nc6 18.
Nf4 b4 19. Rbd1 Ne5 20. Qc2 $16 {Laylo inf 111}) 17... Ng4 (17... Nxd5 $5) 18.
Ne4 $1 {[%csl Rd6]} Nc6 19. h3 f5 20. Ng5 (20. hxg4 fxe4 21. Qxe4 Ne5 (21...
Bxg4)) 20... Nge5 21. Qc2 bxc4 22. Nxe6 Qxe6 23. bxc4 Nd4 $1 {[%csl Rc2,Re2]}
24. Nf4 Qd7 25. Qd1 Rxb1 26. Qxb1 (26. Bd5+) 26... g5 27. Nh5 Nxe2+ 28. Kh2 f4
29. gxf4 gxf4 30. Bd5+ Kh8 31. Qe4 Nd4 32. Qg2 Ng6 33. Rb1 $4 $138 (33. Qg4)
33... Qf5 {[%cal Gf5h5,Gf5b1]} 0-1

[Event "FRA-chT Top 12"]
[Site "Montpellier"]
[Date "2015.05.31"]
[Round "2.2"]
[White "Vachier Lagrave, Maxime"]
[Black "Baklan, Vladimir"]
[Result "1-0"]
[WhiteElo "2754"]
[BlackElo "2633"]
[Annotator "Spraggett,K"]
[PlyCount "127"]
[EventDate "2015.05.30"]
[EventType "team-tourn"]
[EventRounds "11"]
[EventCountry "FRA"]
[SourceTitle "CBM 166 Extra"]
[Source "ChessBase"]
[SourceDate "2015.06.18"]
[SourceVersion "1"]
[SourceVersionDate "2015.06.18"]
[SourceQuality "1"]
[WhiteTeam "Clichy-Echecs 92"]
[BlackTeam "Strasbourg"]
[WhiteTeamCountry "FRA"]
[BlackTeamCountry "FRA"]

1. c4 Nf6 2. Nc3 g6 3. g3 Bg7 4. Bg2 O-O 5. d4 d6 6. Nf3 Nc6 7. O-O e5 8. d5
Nb8 9. c5 (9. e4 a5 10. Ne1 Na6 11. Nd3 Nd7 12. f4 exf4 13. gxf4 Ndc5 14. Nxc5
Nxc5 15. Be3 b6 16. Bd4 Bh6 17. Qf3 Bd7 18. Rae1 Qe7 19. f5 Qh4 20. Bf2 Qg5 21.
f6 Rae8 22. h3 Qd2 23. Be3 Bxe3+ 24. Rxe3 h5 25. Rf2 Qd4 26. Qf4 Kh7 27. Ne2
Qe5 28. Qf3 Qxb2 29. Ng3 Qa1+ 30. Rf1 Qe5 31. h4 Bg4 32. Qf2 a4 33. Bf3 Bh3 34.
Bg2 Bxg2 35. Kxg2 a3 36. Rfe1 Nd7 37. Rf3 Ra8 38. Ree3 Ra4 {Aronian,L (2815)
-Onischuk,V (2594) Dubai 2014 0-1}) 9... Na6 10. cxd6 cxd6 11. a4 Bd7 12. Nd2
$146 (12. b3 Rc8 13. Bb2 Qa5 14. Rc1 Bh6 15. e3 Nb4 16. Qd2 Qb6 17. h3 Na6 18.
g4 Nc5 19. Qc2 Bg7 20. Nd2 Qa6 21. Rfd1 Qd3 22. Bf1 Qxc2 23. Rxc2 Ne8 24. Bb5
Bxb5 25. Nxb5 a6 26. Na3 Rd8 27. Nac4 Nd3 28. Na5 Nb4 29. Rc4 Nxd5 30. Nxb7 Rb8
31. Na5 Nb6 32. Rc6 Nxa4 33. bxa4 Rxb2 34. Rxa6 d5 35. Nc6 d4 36. Nc4 Rc2 37.
N4xe5 dxe3 38. fxe3 Bh6 39. Rd3 Nc7 40. Ra7 Ne6 41. h4 Nc5 {Schneider,B (2455)
-Schaefer,M (2400) Nettetal 1991 0-1}) 12... Rc8 13. Nb3 Nb4 14. a5 {[%csl Rb7]
} Qc7 15. Re1 b5 16. a6 {[%csl Gb7]} Rb8 17. Bg5 Rb6 18. Qd2 Nxa6 19. Rec1 $44
Nc5 20. Nxc5 dxc5 21. Bxf6 (21. b4 $5) 21... Bxf6 22. Ne4 c4 23. d6 Qd8 24.
Rxa7 Bc6 25. Rd1 Bxe4 26. Bxe4 Qc8 27. Rc7 Qa6 28. Bd5 Kg7 29. Bxf7 Bd8 30. Rd7
Rb7 31. Rxb7 Qxb7 32. Be6 Rf6 33. Bh3 b4 34. e3 Qb6 35. Bf1 Qc5 36. Qd5 Qxd5
37. Rxd5 c3 38. bxc3 bxc3 39. Bd3 Kf7 40. h4 Ke6 41. Rc5 Kxd6 42. Rxc3 h6 43.
Kg2 g5 44. h5 Ke7 45. Rc5 Kd6 46. Rb5 Bc7 47. Be4 Kd7 48. Rd5+ Ke7 49. Rc5 Kd8
50. g4 Ra6 51. Bf5 Rb6 52. Kf3 Ra6 53. Rc4 Rb6 54. Ke4 Ra6 55. Bh7 Rf6 56. Rc2
Ra6 57. Kf5 Kd7 58. Bg8 Bb8 59. Rb2 Bc7 60. Rb7 Rd6 61. Be6+ Kd8 62. e4 Rc6 63.
Kf6 Ke8 64. Kg7 1-0

[Event "Tata Steel-B 79th"]
[Site "Wijk aan Zee"]
[Date "2017.01.15"]
[Round "2"]
[White "Xiong, Jeffery"]
[Black "Van Foreest, Jorden"]
[Result "1-0"]
[WhiteElo "2667"]
[BlackElo "2612"]
[PlyCount "127"]
[EventDate "2017.01.14"]
[EventType "tourn"]
[EventRounds "13"]
[EventCountry "NED"]
[EventCategory "14"]
[SourceTitle "CBM 177"]
[Source "ChessBase"]
[SourceDate "2017.03.16"]
[SourceVersion "1"]
[SourceVersionDate "2017.03.16"]
[SourceQuality "1"]
[TimeControl "40/6000+30:20/3000+30:900+30"]

1. d4 {[%emt 0:00:00]} d6 {[%emt 0:00:10]} 2. Nf3 {[%emt 0:00:59]} Nf6 {
[%emt 0:00:32]} 3. c4 {[%emt 0:00:32]} g6 {[%emt 0:00:08]} 4. g3 {[%emt 0:00:
49]} Bg7 {[%emt 0:00:05]} 5. Bg2 {[%emt 0:00:06]} O-O {[%emt 0:00:06]} 6. Nc3 {
[%emt 0:00:20]} Nc6 {[%emt 0:00:06]} 7. O-O {[%emt 0:00:13]} Bf5 {[%emt 0:00:
04]} 8. d5 {[%emt 0:00:51]} Na5 {[%emt 0:00:06]} 9. Nh4 {[%emt 0:00:31]} Bd7 {
[%emt 0:02:53]} 10. Qd3 {[%emt 0:00:19]} c5 {[%emt 0:01:36]} 11. Bd2 {[%emt 0:
07:39]} a6 {[%emt 0:03:10]} 12. b3 {[%emt 0:01:59]} b5 {[%emt 0:04:28]} 13.
Rab1 {[%emt 0:17:39]} Rb8 {[%emt 0:08:55]} 14. Ne4 {[%emt 0:03:11]} Nxe4 {
[%emt 0:10:12]} 15. Bxe4 {[%emt 0:00:56]} e5 {[%emt 0:00:07]} 16. dxe6 {
[%emt 0:02:24]} Bxe6 {[%emt 0:00:09]} 17. Bd5 {[%emt 0:03:09]} Bxd5 $146 {
[%emt 0:01:39]} (17... Re8 18. Bxe6 Rxe6 19. Ng2 Nc6 20. Nf4 Re8 21. Rfd1 Nd4
22. e3 Nf3+ 23. Kg2 Nxd2 24. Rxd2 Qa5 25. Rbd1 Be5 26. Nd5 Bg7 27. Qe2 Re4 28.
Nf4 bxc4 29. bxc4 Bf8 30. Nd5 Bg7 31. Qd3 Ree8 32. h4 h5 33. Nf4 Bc3 34. Nxg6
fxg6 35. Qxg6+ Bg7 36. Rxd6 Re7 37. R1d5 Qc7 38. Rxh5 Qb7+ 39. Rdd5 Rf7 40.
Qh7+ Kf8 41. e4 Re8 42. Rhf5 Ree7 43. Rd8+ Re8 44. Rxe8+ Kxe8 45. Qg8+ Bf8 46.
Qxf7+ {1-0 (46) Khismatullin,D (2626)-Savitskiy,S (2405) Moscow 2016}) 18. Qxd5
{[%emt 0:00:04]} Qb6 {[%emt 0:05:20]} 19. Qd3 {[%emt 0:08:48]} Nc6 {[%emt 0:02:
47]} 20. Ng2 {[%emt 0:05:08]} a5 {[%emt 0:13:02]} 21. Bf4 {[%emt 0:07:30]} Rfe8
{[%emt 0:09:29]} 22. Rfd1 {[%emt 0:08:40]} Nd4 {[%emt 0:04:18]} 23. e3 {
[%emt 0:06:03]} Nf3+ {[%emt 0:01:28]} 24. Kh1 {[%emt 0:00:10]} Ne5 {[%emt 0:02:
38]} 25. Bxe5 {[%emt 0:02:43]} Bxe5 {[%emt 0:00:28]} 26. Kg1 {[%emt 0:07:24]}
Qc6 {[%emt 0:01:02]} 27. Rbc1 {[%emt 0:05:48]} a4 {[%emt 0:01:33]} 28. Rc2 {
[%emt 0:05:57]} bxc4 {[%emt 0:02:40]} 29. bxc4 {[%emt 0:00:12]} Rb4 {[%emt 0:
01:40]} 30. Ne1 {[%emt 0:01:30]} Reb8 {[%emt 0:06:03]} 31. f4 {[%emt 0:03:44]}
Bg7 {[%emt 0:00:31]} 32. Qxd6 {[%emt 0:00:47]} Qxd6 {[%emt 0:02:42]} 33. Rxd6 {
[%emt 0:00:02]} a3 {[%emt 0:00:40]} 34. Kf1 {[%emt 0:02:06]} Rb1 {[%emt 0:04:
21]} 35. Ke2 {[%emt 0:01:05]} h5 {[%emt 0:05:53]} 36. Rd1 {[%emt 0:00:49]} R1b2
{[%emt 0:01:35]} 37. Rd3 {[%emt 0:00:22]} Ra8 {[%emt 0:01:33]} 38. Kd2 {
[%emt 0:01:09]} Bf6 {[%emt 0:02:20]} 39. e4 {[%emt 0:01:51]} Rb1 {[%emt 0:02:
52]} 40. Rc1 {[%emt 0:00:00]} Rbb8 {[%emt 0:03:34]} 41. Ke2 {[%emt 0:24:09]}
Bd4 {[%emt 0:09:13]} 42. Nf3 {[%emt 0:01:44]} Rb2+ {[%emt 0:06:49]} 43. Rd2 {
[%emt 0:00:08]} Bf6 {[%emt 0:00:10]} 44. Ne1 {[%emt 0:07:10]} Bd4 {[%emt 0:03:
19]} 45. Nf3 {[%emt 0:00:42]} Bf6 {[%emt 0:00:10]} 46. Ne1 {[%emt 0:00:07]} Bd4
{[%emt 0:00:04]} 47. e5 {[%emt 0:03:36]} Rb4 {[%emt 0:13:42]} 48. Nf3 {[%emt 0:
00:42]} Bb2 {[%emt 0:00:13]} 49. Rcc2 {[%emt 0:00:22]} Raa4 {[%emt 0:00:06]}
50. Rd8+ {[%emt 0:01:01]} Kg7 {[%emt 0:00:02]} 51. Rd7 {[%emt 0:05:38]} Kg8 {
[%emt 0:01:16]} 52. Ng5 {[%emt 0:01:10]} Rxc4 {[%emt 0:06:27]} 53. Rxc4 {
[%emt 0:00:07]} Rxc4 {[%emt 0:00:03]} 54. Nxf7 {[%emt 0:00:19]} Bd4 {[%emt 0:
00:51]} 55. e6 {[%emt 0:03:02]} Bf6 {[%emt 0:04:35]} 56. Nh6+ {[%emt 0:01:12]}
Kh8 {[%emt 0:01:28]} 57. Nf7+ {[%emt 0:00:02]} Kg8 {[%emt 0:00:02]} 58. Ne5 {
[%emt 0:05:16]} Rc2+ {[%emt 0:01:22]} 59. Kf3 {[%emt 0:00:46]} Rxa2 {[%emt 0:
03:52]} 60. e7 {[%emt 0:00:00]} Bxe7 {[%emt 0:00:07]} 61. Rxe7 {[%emt 0:00:07]}
Rxh2 {[%emt 0:00:05]} 62. Ra7 {[%emt 0:00:26]} a2 {[%emt 0:00:09]} 63. Nxg6 {
[%emt 0:00:25]} c4 {[%emt 0:00:02]} 64. f5 {[%emt 0:00:16]} 1-0